[Event "22ème Open de Saint-Affrique"]
[Site "Saint Affrique (12)"]
[Date "2014.07.25"]
[Round "8.58"]
[White "Jackson, Sue"]
[Black "Gaubert, Cedric"]
[Result "0-1"]
[WhiteElo "1230"]
[BlackElo "1384"]
[PlyCount "71"]
[EventDate "2014.??.??"]
[Source "Sylvain Rivier"]
[SourceDate "2014.07.26"]

1. d4 d5 2. c4 e6 3. e3 Be7 4. Bd3 Nf6 5. h3 O-O 6. Ne2 c6 7. O-O Qc7 8. Ng3
Rd8 9. Nh5 Nbd7 10. Nc3 e5 11. Nxf6+ Nxf6 12. c5 b6 13. b4 bxc5 14. bxc5 Rb8
15. Re1 e4 16. Bc2 Ba6 17. f3 Qg3 18. fxe4 dxe4 19. Bxe4 Nxe4 20. Nxe4 Qg6 21.
Nf2 Bxc5 22. Qg4 Qxg4 23. Nxg4 Bb4 24. Ne5 Bxe1 25. Nxc6 Bc3 26. Nxb8 Rxb8 27.
Bb2 Rxb2 28. Rc1 Ba5 29. d5 Kf8 30. a3 Bb6 31. Rc3 Rd2 32. a4 Rxd5 33. Kf2 Rd2+
34. Kf3 Rd3 35. Rxd3 Bxd3 36. e4 {suite illisible} 0-1

[Event "22ème Open de Saint-Affrique"]
[Site "Saint Affrique (12)"]
[Date "2014.07.25"]
[Round "8.59"]
[White "Flear, James C"]
[Black "Medard, Guillaume"]
[Result "1-0"]
[WhiteElo "1227"]
[BlackElo "1330"]
[PlyCount "70"]
[EventDate "2014.??.??"]
[Source "Sylvain Rivier"]
[SourceDate "2014.07.26"]

1. c4 Nf6 2. g3 Nc6 3. Bg2 e5 4. Nc3 Bc5 5. e3 d6 6. Nge2 Be6 7. O-O Bxc4 8. d3
Be6 9. d4 Bb4 10. d5 Bxc3 11. dxc6 Ba5 12. cxb7 Rb8 13. Qa4+ c6 14. Rd1 Bc7 15.
Bxc6+ Bd7 16. Bxd7+ Nxd7 17. Qxa7 O-O 18. b4 Bb6 19. Qa6 Qc7 20. a4 Rxb7 21. a5
Ba7 22. Qxd6 Qxd6 23. Rxd6 Nf6 24. Bd2 Ne4 25. a6 Rc7 26. Rd5 Rc2 27. Rd1 Ra2
28. Nc3 Nxc3 29. Bxc3 e4 30. Re5 f5 31. b5 Ra3 32. Bb4 Bb8 33. Bxa3 Bxe5 34.
Bxf8 Kxf8 35. a7 Kf7 1-0

[Event "22ème Open de Saint-Affrique"]
[Site "Saint Affrique (12)"]
[Date "2014.07.25"]
[Round "8.60"]
[White "Combes, Angelino"]
[Black "Combelle, Xavier"]
[Result "1-0"]
[WhiteElo "1318"]
[BlackElo "1270"]
[PlyCount "43"]
[EventDate "2014.??.??"]
[Source "Sylvain Rivier"]
[SourceDate "2014.07.26"]

1. e4 d5 2. exd5 Qxd5 3. Nc3 Qd6 4. Nf3 Nf6 5. g3 Nc6 6. Bg2 Bf5 7. d3 O-O-O 8.
Bf4 Qb4 9. Rb1 e6 10. O-O Bd6 11. a3 Qa5 12. b4 Qxa3 13. Nb5 Qa6 14. Nxd6+ cxd6
15. b5 Qb6 16. bxc6 Qxc6 17. Nd4 Qd7 18. Nxf5 exf5 19. Qf3 d5 20. Rb3 Qc6 21.
d4 Rhe8 22. Rc3 1-0

[Event "22ème Open de Saint-Affrique"]
[Site "Saint Affrique (12)"]
[Date "2014.07.25"]
[Round "8.61"]
[White "Bernard, Elodie"]
[Black "Cellier-Valencia, Lucie"]
[Result "1-0"]
[WhiteElo "1113"]
[BlackElo "1312"]
[PlyCount "77"]
[EventDate "2014.??.??"]
[Source "Sylvain Rivier"]
[SourceDate "2014.07.26"]

1. e4 e5 2. Nf3 Nc6 3. Bc4 Bc5 4. O-O Nf6 5. d3 d6 6. h3 Nh5 7. Nc3 Nf4 8. Bxf4
exf4 9. Qd2 Qf6 10. Nd5 Qg6 11. Nxf4 Qh6 12. Nd5 Qg6 13. Nxc7+ Kd8 14. Nxa8
Bxh3 15. Qg5+ Qxg5 16. Nxg5 Kc8 17. Nxh3 Kb8 18. Bxf7 Kxa8 19. c3 Rf8 20. b4
Bb6 21. Bd5 Ne7 22. Bc4 h6 23. Rae1 g5 24. g4 Rf3 25. Kg2 Rf8 26. f4 gxf4 27.
Rxf4 Rxf4 28. Nxf4 a6 29. b5 a5 30. e5 dxe5 31. Rxe5 Bc7 32. Rxe7 Bxf4 33. b6
Bd6 34. Rd7 Be5 35. Bd5 a4 36. Rxb7 Bf6 37. Rf7+ Kb8 38. Rf8+ Bd8 39. Rxd8# 1-0

[Event "22ème Open de Saint-Affrique"]
[Site "Saint Affrique (12)"]
[Date "2014.07.25"]
[Round "8.62"]
[White "Boyd, Emilie"]
[Black "Zachary, Caroline"]
[Result "0-1"]
[WhiteElo "1192"]
[BlackElo "1307"]
[PlyCount "80"]
[EventDate "2014.??.??"]
[Source "Sylvain Rivier"]
[SourceDate "2014.07.26"]

1. e4 c5 2. Nc3 e6 3. Bc4 Nc6 4. Nf3 Be7 5. O-O Nf6 6. d3 O-O 7. Bf4 d5 8. Bb5
d4 9. Na4 Bd6 10. e5 Nh5 11. Qd2 Be7 12. Bg5 Bxg5 13. Qxg5 Qxg5 14. Nxg5 Nxe5
15. Nxc5 h6 16. Nge4 a6 17. Bc4 Nxc4 18. dxc4 b6 19. Nb3 Rd8 20. Rad1 Bb7 21.
f3 e5 22. c3 d3 23. Rd2 f5 24. Nf2 Nf6 25. Nxd3 e4 26. fxe4 fxe4 27. Ne5 Rxd2
28. Nxd2 e3 29. Nb3 Re8 30. Nd3 Rd8 31. Nbc1 Be4 32. Nf4 Rd2 33. Re1 g5 34.
Nfe2 Rxb2 35. a3 Ng4 36. h3 Ne5 37. Kf1 Nxc4 38. Ng3 Rf2+ 39. Kg1 Rxg2+ 40. Kf1
Rxg3 0-1

[Event "22ème Open de Saint-Affrique"]
[Site "Saint Affrique (12)"]
[Date "2014.07.25"]
[Round "8.63"]
[White "Mouton, Aline"]
[Black "Raynal, Etienne"]
[Result "0-1"]
[WhiteElo "1010"]
[BlackElo "1286"]
[PlyCount "56"]
[EventDate "2014.??.??"]
[Source "Sylvain Rivier"]
[SourceDate "2014.07.26"]

1. d4 Nf6 2. Nc3 e6 3. Nf3 d5 4. e3 c5 5. Bd3 Nc6 6. Qe2 c4 7. Bxc4 dxc4 8.
Qxc4 Be7 9. Ne5 Qb6 10. a3 Na5 11. Qd3 Qa6 12. Qd2 O-O 13. h4 Nc6 14. f3 Rd8
15. Qf2 Bd6 16. g4 Nxe5 17. g5 Nh5 18. f4 Ng6 19. Qf3 Nhxf4 20. exf4 Qc6 21.
Qh5 Qxh1+ 22. Ke2 Nxf4+ 23. Ke3 Nxh5 24. Ne4 Ng3 25. b4 Nxe4 26. c4 Qe1+ 27.
Kd3 Qc3+ 28. Kxe4 f5+ 0-1

[Event "22ème Open de Saint-Affrique"]
[Site "Saint Affrique (12)"]
[Date "2014.07.25"]
[Round "8.64"]
[White "Nguyen, Noam"]
[Black "Bois D'Enghien, Noumea"]
[Result "1/2-1/2"]
[WhiteElo "1350"]
[BlackElo "1240"]
[PlyCount "83"]
[EventDate "2014.??.??"]
[Source "Sylvain Rivier"]
[SourceDate "2014.07.26"]

1. c4 e5 2. Nc3 Nc6 3. g3 b6 4. Bg2 Bb7 5. d3 Bc5 6. Nf3 f6 7. a3 Nd4 8. O-O
Nxf3+ 9. exf3 Rb8 10. b4 Bd4 11. Bb2 d5 12. cxd5 Bxd5 13. Nxd5 Bxb2 14. Ra2
Qxd5 15. Rxb2 Ne7 16. Qa4+ b5 17. Qxa7 Rc8 18. Rc2 Qd6 19. Qb7 c6 20. Rfc1 O-O
21. f4 Rc7 22. fxe5 fxe5 23. Qb6 Rfc8 24. Qe3 Nd5 25. Bxd5+ cxd5 26. Rxc7 Rxc7
27. Rxc7 Qxc7 28. d4 e4 29. f3 Qe7 30. fxe4 dxe4 31. d5 Qe5 32. Kf2 Qxd5 33.
Qf4 h6 34. Ke3 Qd3+ 35. Kf2 Qc2+ 36. Kg1 Qd1+ 37. Kg2 Qe2+ 38. Kh3 e3 39. Qb8+
Kh7 40. Qf4 Qd2 41. Kg4 Qd3 42. Kf3 1/2-1/2

[Event "22ème Open de Saint-Affrique"]
[Site "Saint Affrique (12)"]
[Date "2014.07.25"]
[Round "8.65"]
[White "Audigier, Robert"]
[Black "Daures, Florian"]
[Result "0-1"]
[WhiteElo "1298"]
[BlackElo "1160"]
[PlyCount "86"]
[EventDate "2014.??.??"]
[Source "Sylvain Rivier"]
[SourceDate "2014.07.26"]

1. d4 Nf6 2. c4 d5 3. Nc3 Nc6 4. Nf3 e6 5. e3 b6 6. Be2 Bb4 7. Bd2 O-O 8. O-O
Ba6 9. Qa4 Qd6 10. Qxa6 Ng4 11. g3 g6 12. Qa4 a6 13. Qc2 Nf6 14. a3 Bxc3 15.
Bxc3 Ne4 16. Bb4 Nxb4 17. axb4 Qxb4 18. cxd5 exd5 19. Rfd1 c5 20. b3 Rfc8 21.
Qb1 Nc3 22. Qd3 c4 23. bxc4 dxc4 24. Qc2 a5 25. Ra4 Nxd1 26. Qxd1 Qb3 27. Ra1
Qxd1+ 28. Bxd1 c3 29. Bc2 b5 30. Ne5 a4 31. Nd3 a3 32. Nb4 Rc4 33. Nd5 b4 34.
Nb6 b3 35. Nxc4 bxc2 36. Kg2 a2 37. d5 c1=Q 38. Rxc1 a1=Q 39. Rxc3 Qxc3 40. Nb6
Ra6 41. Nd7 Ra5 42. d6 Qc6+ 43. Kh3 Qxd7+ 0-1

[Event "22ème Open de Saint-Affrique"]
[Site "Saint Affrique (12)"]
[Date "2014.07.25"]
[Round "8.67"]
[White "Salvador, Thomas"]
[Black "Coquelle, Addison"]
[Result "1/2-1/2"]
[WhiteElo "1110"]
[BlackElo "1009"]
[PlyCount "21"]
[EventDate "2014.??.??"]
[Source "Sylvain Rivier"]
[SourceDate "2014.07.26"]

1. e4 e5 2. Nf3 Nc6 3. Bb5 a6 4. Bxc6 dxc6 5. d3 Nf6 6. Nc3 Bg4 7. h3 Bxf3 8.
Qxf3 g6 9. Bg5 Bg7 10. Rd1 O-O 11. Qe3 {suite illisible} 1/2-1/2

[Event "22ème Open de Saint-Affrique"]
[Site "Saint Affrique (12)"]
[Date "2014.07.25"]
[Round "8.68"]
[White "Barascud, Rebecca"]
[Black "Raynal, Bertille"]
[Result "1-0"]
[WhiteElo "1020"]
[BlackElo "1090"]
[PlyCount "47"]
[EventDate "2014.??.??"]
[Source "Sylvain Rivier"]
[SourceDate "2014.07.26"]

1. e4 e5 2. Nf3 Nc6 3. Bb5 Bc5 4. d3 Nf6 5. Bg5 O-O 6. O-O d6 7. Nc3 Bg4 8. Nd5
a6 9. Nxf6+ gxf6 10. Bxc6 bxc6 11. Bh4 Rb8 12. b3 Ba3 13. h3 Bh5 14. Qe2 Bb2
15. Rab1 Bc3 16. Qe3 Bxf3 17. Qxf3 Kh8 18. Bxf6+ Kg8 19. Qf5 Qxf6 20. Qxf6 c5
21. Rbe1 Bxe1 22. Rxe1 Rbe8 23. Re3 Re6 24. Rg3# 1-0

[Event "22ème Open de Saint-Affrique"]
[Site "Saint Affrique (12)"]
[Date "2014.07.26"]
[Round "9.1"]
[White "Degraeve, Jean-Marc"]
[Black "Milchev, Nikolay"]
[Result "0-1"]
[WhiteElo "2579"]
[BlackElo "2424"]
[PlyCount "78"]
[EventDate "2014.??.??"]
[Source "Sylvain Rivier"]
[SourceDate "2014.07.26"]

1. e4 g6 2. d4 Bg7 3. Nc3 c6 4. Nf3 d6 5. Be3 Nf6 6. h3 O-O 7. Qd2 Nbd7 8. a4
Qc7 9. Be2 e5 10. dxe5 dxe5 11. O-O Re8 12. Rfd1 Bf8 13. Bc4 Nc5 14. Ng5 Be6
15. Qe2 Qc8 16. a5 Bxc4 17. Qxc4 Ne6 18. Rd3 h6 19. Nf3 Nc7 20. Rad1 g5 21. Ne2
Qe6 22. Qxe6 Nxe6 23. Ng3 Nc5 24. Bxc5 Bxc5 25. Nd2 h5 26. Nb3 Bf8 27. f3 b5
28. Rc3 Rac8 29. Nc5 Red8 30. Rxd8 Rxd8 31. Nf5 Rd1+ 32. Kf2 Rd2+ 33. Kf1 h4
34. Nb3 Rd1+ 35. Ke2 Rb1 36. Rxc6 Nh5 37. Rc8 Nf4+ 38. Kf2 Rxb2 39. Ne3 Ne6 0-1

[Event "22ème Open de Saint-Affrique"]
[Site "Saint Affrique (12)"]
[Date "2014.07.26"]
[Round "9.2"]
[White "Mullon, Jean-Baptiste"]
[Black "Libiszewski, Fabien"]
[Result "1/2-1/2"]
[WhiteElo "2436"]
[BlackElo "2523"]
[PlyCount "59"]
[EventDate "2014.??.??"]
[Source "Sylvain Rivier"]
[SourceDate "2014.07.26"]

1. e4 c5 2. Nf3 Nc6 3. d4 cxd4 4. Nxd4 e5 5. Nb5 d6 6. N1c3 a6 7. Na3 b5 8. Nd5
Nge7 9. c4 Nxd5 10. cxd5 Nd4 11. Bd3 g6 12. Nc2 Bg7 13. Nxd4 exd4 14. O-O O-O
15. a4 Bd7 16. axb5 Bxb5 17. Bxb5 axb5 18. Rxa8 Qxa8 19. Bf4 f5 20. Bxd6 Re8
21. Bc7 fxe4 22. Qb3 Qa4 23. Qxa4 bxa4 24. d6 Bf6 25. d7 Rf8 26. Re1 d3 27. Kf1
Bd8 28. Bxd8 Rxd8 29. Rxe4 Rxd7 30. Ke1 1/2-1/2

[Event "22ème Open de Saint-Affrique"]
[Site "Saint Affrique (12)"]
[Date "2014.07.26"]
[Round "9.4"]
[White "Oganisian, Roman"]
[Black "Kukov, Velislav"]
[Result "1-0"]
[WhiteElo "2245"]
[BlackElo "2369"]
[PlyCount "60"]
[EventDate "2014.??.??"]
[Source "Sylvain Rivier"]
[SourceDate "2014.07.26"]

1. e4 c6 2. d3 d5 3. Nd2 e5 4. Ngf3 Bd6 5. g3 Nf6 6. Bg2 O-O 7. O-O Re8 8. d4
dxe4 9. Nxe5 Bxe5 10. dxe5 Bg4 11. f3 exf3 12. Nxf3 Qxd1 13. Rxd1 Bxf3 14. Bxf3
Rxe5 15. Rd8+ Re8 16. Rxe8+ Nxe8 17. Bf4 Nd7 18. Rd1 Nef6 19. Rd3 Re8 20. Bg4
Nxg4 21. Rxd7 b5 22. Rxa7 h6 23. a4 g5 24. Bd2 Rd8 25. Bc3 Rd1+ 26. Kg2 bxa4
27. Rxa4 Ne3+ 28. Kf3 Nxc2 29. Ra8+ Kh7 30. Ke4 Kg6 {suite illisible} 1-0

[Event "22ème Open de Saint-Affrique"]
[Site "Saint Affrique (12)"]
[Date "2014.07.26"]
[Round "9.5"]
[White "Karpatchev, Aleksandr"]
[Black "Daurelle, Herve"]
[Result "1-0"]
[WhiteElo "2442"]
[BlackElo "2189"]
[PlyCount "87"]
[EventDate "2014.??.??"]
[Source "Sylvain Rivier"]
[SourceDate "2014.07.26"]

1. e4 c5 2. c3 Nf6 3. e5 Nd5 4. Nf3 Nc6 5. Bc4 Nb6 6. Bb3 c4 7. Bc2 Qc7 8. O-O
Nxe5 9. Nxe5 Qxe5 10. Re1 Qc7 11. a4 e6 12. d4 cxd3 13. Qxd3 Be7 14. Na3 a6 15.
a5 Nd5 16. Nc4 b5 17. axb6 Nxb6 18. Nxb6 Qxb6 19. Ra4 f5 20. Be3 Qd8 21. h4 O-O
22. h5 Bb7 23. Bf4 Bg5 24. Bd6 Rf6 25. Rd4 Be4 26. Rexe4 fxe4 27. Qxe4 Rh6 28.
g4 Rc8 29. Qb7 Bf6 30. Ra4 Rc6 31. Rxa6 Rxa6 32. Qxa6 Be7 33. Bf4 Rf6 34. Be3
Qe8 35. Qd3 g6 36. b4 Qf7 37. Qxd7 gxh5 38. g5 Qg7 39. Kf1 Rf7 40. Qxe6 Qxc3
41. Bb3 Qd3+ 42. Kg2 Qg6 43. Qxe7 Qc6+ 44. Kg1 1-0

[Event "22ème Open de Saint-Affrique"]
[Site "Saint Affrique (12)"]
[Date "2014.07.26"]
[Round "9.6"]
[White "Navarro, Robin"]
[Black "Benmesbah, Natacha"]
[Result "0-1"]
[WhiteElo "1906"]
[BlackElo "2224"]
[PlyCount "58"]
[EventDate "2014.??.??"]
[Source "Sylvain Rivier"]
[SourceDate "2014.07.26"]

1. d4 Nf6 2. Bf4 e6 3. e3 c5 4. c3 Nc6 5. Nf3 d5 6. Nbd2 Bd6 7. Bg3 O-O 8. Bd3
b6 9. Ne5 Bb7 10. f4 Ne7 11. Qf3 Nf5 12. Bf2 Be7 13. g4 Nd6 14. g5 Nfe4 15. h4
cxd4 16. exd4 b5 17. Qg4 b4 18. h5 bxc3 19. bxc3 Qa5 20. Rc1 Qxa2 21. Be3 Nf5
22. Bxe4 dxe4 23. Qh3 Ba3 24. Rb1 Ba6 25. Kf2 Bb2 26. g6 fxg6 27. hxg6 h6 28.
Ng4 Bxc3 29. Rbd1 Rad8 0-1

[Event "22ème Open de Saint-Affrique"]
[Site "Saint Affrique (12)"]
[Date "2014.07.26"]
[Round "9.7"]
[White "Mania, Clement"]
[Black "Sanchez, Nicolas"]
[Result "1/2-1/2"]
[WhiteElo "2177"]
[BlackElo "2178"]
[PlyCount "160"]
[EventDate "2014.??.??"]
[Source "Sylvain Rivier"]
[SourceDate "2014.07.26"]

1. d4 Nf6 2. g4 d5 3. g5 Ne4 4. f3 Nd6 5. Nc3 Nf5 6. Bf4 c6 7. Qd2 h6 8. O-O-O
hxg5 9. Bxg5 Ng3 10. e4 Nxh1 11. exd5 cxd5 12. Bf4 a6 13. Qg2 Nc6 14. Qxh1 Bf5
15. Nge2 e6 16. Qg1 g6 17. Qe3 g5 18. Bg3 Bh6 19. a3 g4 20. Nf4 Ne7 21. Be2
gxf3 22. Bxf3 Kf8 23. Kb1 Ng6 24. Nce2 Rc8 25. Rc1 Qf6 26. Ka1 Nxf4 27. Nxf4
Bg6 28. c3 Bxf4 29. Bxf4 Rh3 30. Rf1 Be4 31. Bg3 Qh6 32. Qe2 Qh7 33. Bg4 Rxg3
34. hxg3 Bd3 35. Qxe6 Rc6 36. Qe1 Bxf1 37. Qxf1 Qe4 38. Bh5 Qe7 39. Qh1 Qg5 40.
Bf3 Rh6 41. Qg2 Rd6 42. Qh3 Kg7 43. Ka2 a5 44. Qg2 Qf5 45. g4 Qd7 46. Qe2 Re6
47. Qd2 Rg6 48. Qf4 Qd6 49. Qf5 Rf6 50. Qg5+ Rg6 51. Qh5 b6 52. Kb3 Qf6 53.
Qxd5 Rg5 54. Qe4 Rb5+ 55. Kc2 Rg5 56. Be2 Qf2 57. Qf3 Qxf3 58. Bxf3 f5 59. gxf5
Rxf5 60. Bc6 Kf8 61. b4 axb4 62. cxb4 Ke7 63. a4 Kd6 64. Be4 Rf4 65. Kd3 Rh4
66. Bb7 Kc7 67. Ba6 Rh1 68. Bb5 Rc1 69. d5 Rd1+ 70. Kc4 Rc1+ 71. Kb3 Rb1+ 72.
Kc3 Rc1+ 73. Kb2 Rh1 74. Bc6 Rh3 75. a5 bxa5 76. bxa5 Kb8 77. a6 Ka7 78. Bb7
Rd3 79. Kc2 Rxd5 80. Bxd5 Kxa6 1/2-1/2

[Event "22ème Open de Saint-Affrique"]
[Site "Saint Affrique (12)"]
[Date "2014.07.26"]
[Round "9.8"]
[White "Ringuet, Noe"]
[Black "Roubaud, Alexandre"]
[Result "1-0"]
[WhiteElo "2070"]
[BlackElo "2171"]
[PlyCount "89"]
[EventDate "2014.??.??"]
[Source "Sylvain Rivier"]
[SourceDate "2014.07.26"]

1. d4 Nf6 2. Nc3 d5 3. Bf4 c6 4. Qd2 Bf5 5. f3 e6 6. g4 Bg6 7. h4 h6 8. O-O-O
Nbd7 9. e3 a5 10. Bd3 Bxd3 11. Qxd3 a4 12. Nge2 Qa5 13. g5 Ng8 14. g6 f6 15. e4
Nb6 16. exd5 cxd5 17. Rhe1 Nc4 18. Kb1 Rc8 19. Bc1 Bb4 20. Nf4 Nxb2 21. Bxb2
Bxc3 22. Rxe6+ Ne7 23. Bxc3 Rxc3 24. Qe2 Rc7 25. Re1 Qb4+ 26. Kc1 Qa3+ 27. Kd1
Kd8 28. Nxd5 Rd7 29. Rxe7 Rxd5 30. Re8+ Rxe8 31. Qxe8+ Kc7 32. Qe7+ Qxe7 33.
Rxe7+ Kc6 34. c3 Rh5 35. Rxg7 Rxh4 36. Rf7 Rh1+ 37. Ke2 Rg1 38. Rxf6+ Kb5 39.
Kf2 Rg5 40. f4 Rg4 41. Kf3 Rg1 42. f5 Kc4 43. Rf7 Kxc3 44. g7 h5 45. f6 1-0

[Event "22ème Open de Saint-Affrique"]
[Site "Saint Affrique (12)"]
[Date "2014.07.26"]
[Round "9.9"]
[White "Billiar-Bourgy, Vincent"]
[Black "Youssoupov, Moisse"]
[Result "0-1"]
[WhiteElo "1959"]
[BlackElo "2169"]
[PlyCount "47"]
[EventDate "2014.??.??"]
[Source "Sylvain Rivier"]
[SourceDate "2014.07.26"]

1. e4 g6 2. d4 Bg7 3. Nf3 d6 4. Nc3 a6 5. a4 Nf6 6. Be2 Nc6 7. h3 O-O 8. O-O h6
9. Be3 e5 10. Qd2 exd4 11. Nxd4 Kh7 12. f4 Re8 13. Bf3 Nd7 14. Rae1 Nb6 15. b3
Qf6 16. e5 dxe5 17. fxe5 Qxe5 18. Bxc6 Rd8 19. Qf2 bxc6 20. Nxc6 Qxc3 21. Nxd8
Bf5 22. Nxf7 Nd5 23. Kh1 Bf6 24. Bc1 {suite illisible} 0-1

[Event "22ème Open de Saint-Affrique"]
[Site "Saint Affrique (12)"]
[Date "2014.07.26"]
[Round "9.10"]
[White "Julian, Stephane"]
[Black "Meunier, Clement"]
[Result "0-1"]
[WhiteElo "2050"]
[BlackElo "2132"]
[PlyCount "68"]
[EventDate "2014.??.??"]
[Source "Sylvain Rivier"]
[SourceDate "2014.07.26"]

1. e4 e5 2. Nf3 Nc6 3. Bb5 a6 4. Ba4 Nf6 5. O-O b5 6. Bb3 Bc5 7. c3 d6 8. d4
Bb6 9. h3 h6 10. a4 Rb8 11. Na3 Bb7 12. axb5 axb5 13. Re1 Ba6 14. Bd5 Ne7 15.
dxe5 dxe5 16. Nxe5 Nfxd5 17. exd5 O-O 18. Qg4 Bc8 19. Qf3 Bb7 20. Nc6 Nxc6 21.
dxc6 Ba8 22. Nxb5 Bxf2+ 23. Qxf2 Rxb5 24. Bf4 Bxc6 25. b4 Rf5 26. Qg3 Rf6 27.
Ra2 Rg6 28. Qh2 Qd5 29. Rd2 Qc4 30. Be5 Re8 31. Ree2 f6 32. Qf4 Bd5 33. Qxc4
Bxc4 34. Re4 Bf7 0-1

[Event "22ème Open de Saint-Affrique"]
[Site "Saint Affrique (12)"]
[Date "2014.07.26"]
[Round "9.11"]
[White "Duff, Rufus"]
[Black "Cazottes, Guillaume"]
[Result "1/2-1/2"]
[WhiteElo "2113"]
[BlackElo "2014"]
[PlyCount "114"]
[EventDate "2014.??.??"]
[Source "Sylvain Rivier"]
[SourceDate "2014.07.26"]

1. e4 e6 2. d4 d5 3. Nd2 dxe4 4. Nxe4 Nd7 5. Nf3 Ngf6 6. Nxf6+ Nxf6 7. g3 b6 8.
Bg2 Bb7 9. O-O Be7 10. c4 O-O 11. Ne5 Bxg2 12. Kxg2 c5 13. Nc6 Qd7 14. Nxe7+
Qxe7 15. dxc5 Qxc5 16. b3 Qc6+ 17. Qf3 Qxf3+ 18. Kxf3 Rfd8 19. Be3 Rd7 20. Rfd1
Rad8 21. Rxd7 Nxd7 22. Ke2 Ne5 23. a4 Nc6 24. Rd1 Rxd1 25. Kxd1 Kf8 26. Kc2 Ke7
27. Kc3 Kd7 28. b4 Nd8 29. a5 bxa5 30. b5 Nb7 31. Bxa7 Kd6 32. Kb3 Kc7 33. Bd4
f6 34. c5 e5 35. Be3 h5 36. Ka4 g5 37. Kb3 g4 38. Kc4 Nd8 39. Bd2 a4 40. Ba5+
Kc8 41. Kd5 a3 42. Bc3 a2 43. c6 Kc7 44. Ba1 Nf7 45. Kc5 Ng5 46. b6+ Kc8 47.
Kd6 Ne4+ 48. Ke7 Kb8 49. Bb2 Kc8 50. Ba1 Kb8 51. Kd8 Nd6 52. Kd7 Nc8 53. b7 Na7
54. Bb2 Nb5 55. Ba1 Na7 56. Bb2 Nb5 57. Ba1 Na7 1/2-1/2

[Event "22ème Open de Saint-Affrique"]
[Site "Saint Affrique (12)"]
[Date "2014.07.26"]
[Round "9.12"]
[White "Dussol, Pierre"]
[Black "Grosse, Ludovic"]
[Result "1-0"]
[WhiteElo "2156"]
[BlackElo "1903"]
[PlyCount "52"]
[EventDate "2014.??.??"]
[Source "Sylvain Rivier"]
[SourceDate "2014.07.26"]

1. e4 c5 2. Nf3 d6 3. d4 cxd4 4. Qxd4 Nc6 5. Bb5 Bd7 6. Bxc6 Bxc6 7. Nc3 Nf6 8.
Bg5 e6 9. O-O-O Be7 10. Qd3 O-O 11. Nd4 Qa5 12. f4 Rac8 13. f5 Rfe8 14. h4 Bd7
15. Rhe1 a6 16. e5 Nd5 17. Nb3 Qc7 18. Bxe7 Rxe7 19. f6 Ree8 20. Qg3 g6 21.
exd6 Qc6 22. Nd4 Qb6 23. Nxd5 exd5 24. Re7 Rxe7 25. fxe7 Qc5 26. Qe5 Bf5 1-0

[Event "22ème Open de Saint-Affrique"]
[Site "Saint Affrique (12)"]
[Date "2014.07.26"]
[Round "9.13"]
[White "El Mchaouri Mas, Younes"]
[Black "Danielian, Kevin"]
[Result "1/2-1/2"]
[WhiteElo "2049"]
[BlackElo "1848"]
[PlyCount "129"]
[EventDate "2014.??.??"]
[Source "Sylvain Rivier"]
[SourceDate "2014.07.26"]

1. e4 c5 2. Nf3 Nc6 3. d4 cxd4 4. Nxd4 g6 5. c4 Bg7 6. Be3 Nf6 7. Nc3 O-O 8.
Be2 d6 9. O-O Bd7 10. Nc2 Ne5 11. h3 Bc6 12. f3 b6 13. Qd2 Rc8 14. b3 a5 15.
Nd4 Bb7 16. Rac1 Nfd7 17. Nd5 Nc6 18. Nb5 Nc5 19. Rfd1 f5 20. exf5 Rxf5 21. f4
h5 22. Bd3 Nxd3 23. Qxd3 Nb4 24. Nxb4 axb4 25. Nd4 Bxd4 26. Bxd4 Qe8 27. Qg3
Qf7 28. Bxb6 Rxf4 29. Rf1 e5 30. Be3 Rf5 31. Rxf5 Qxf5 32. Rf1 Qe6 33. Qg5 Rf8
34. Rxf8+ Kxf8 35. Qd8+ Kf7 36. Bg5 Bc8 37. Bh6 Qd7 38. Qf8+ Ke6 39. Bg5 Qc7
40. Qf6+ Kd7 41. Qxg6 Qa7+ 42. Kh2 Qxa2 43. Qf7+ Kc6 44. Qd5+ Kc7 45. c5 Qa6
46. Bf6 Bb7 47. Qf7+ Kc6 48. cxd6 Kxd6 49. Qe7+ Kc6 50. Qe6+ Kc7 51. Bxe5+ Kd8
52. Bd6 Qc6 53. Qg8+ Kd7 54. Bxb4 Qc7+ 55. Qg3 Qxg3+ 56. Kxg3 Bd5 57. Kh4 Bxg2
58. Bc5 Kc6 59. b4 Bf3 60. Kg3 Bd1 61. Kf4 Kb5 62. Ke3 Bb3 63. Kf4 Bd1 64. Kg5
Be2 65. Bd6 1/2-1/2

[Event "22ème Open de Saint-Affrique"]
[Site "Saint Affrique (12)"]
[Date "2014.07.26"]
[Round "9.14"]
[White "Riviere, Gerard"]
[Black "Herry, Serwan"]
[Result "1-0"]
[WhiteElo "1791"]
[BlackElo "1936"]
[PlyCount "53"]
[EventDate "2014.??.??"]
[Source "Sylvain Rivier"]
[SourceDate "2014.07.26"]

1. d4 Nf6 2. Nf3 g6 3. g3 Bg7 4. Bg2 d5 5. O-O O-O 6. c4 dxc4 7. Ne5 Be6 8. Na3
c6 9. Naxc4 Qc8 10. Qc2 Bh3 11. Rd1 Bxg2 12. Kxg2 Nfd7 13. Bf4 c5 14. d5 b5 15.
Nxd7 Nxd7 16. Na5 Qa6 17. Nc6 e5 18. Be3 b4 19. a3 b3 20. Qxb3 Qxe2 21. Qb7 Nf6
22. Rd2 Qc4 23. b3 Qc3 24. Rad1 Ne4 25. Rd3 Qc2 26. d6 Bh6 27. Ne7+ 1-0

[Event "22ème Open de Saint-Affrique"]
[Site "Saint Affrique (12)"]
[Date "2014.07.26"]
[Round "9.15"]
[White "Baudry, Remi"]
[Black "Bouguerra, Tayeb"]
[Result "0-1"]
[WhiteElo "1770"]
[BlackElo "1906"]
[PlyCount "85"]
[EventDate "2014.??.??"]
[Source "Sylvain Rivier"]
[SourceDate "2014.07.26"]

1. d4 d6 2. Bg5 c5 3. e3 Qb6 4. b3 cxd4 5. exd4 h6 6. Bh4 g5 7. Bg3 Bg7 8. c3
Nc6 9. Nd2 Nf6 10. Nc4 Qd8 11. Bd3 O-O 12. h4 g4 13. Ne3 e5 14. dxe5 Nxe5 15.
Bf5 Re8 16. Ne2 Nh5 17. Bxe5 Bxe5 18. Kf1 g3 19. Nd4 Ng7 20. Qg4 h5 21. Qf3
gxf2 22. g4 Be6 23. Kxf2 Rc8 24. Ne2 Bxc3 25. Rag1 Qb6 26. Kf1 Qb5 27. gxh5 Kf8
28. Rg5 Nxf5 29. Nxf5 Bd5 30. Rhg1 f6 31. Nfd4 Bxd4 32. Rxd5 Rc1+ 33. Kg2 Qxe2+
34. Qxe2 Rxe2+ 35. Kf3 Re3+ 36. Kf4 Rxg1 37. Rxd4 Re6 38. Kf5 Kf7 39. h6 Rg8
40. Rb4 b6 41. Ra4 a5 42. h5 Re5+ 43. Kf4 0-1

[Event "22ème Open de Saint-Affrique"]
[Site "Saint Affrique (12)"]
[Date "2014.07.26"]
[Round "9.17"]
[White "Del Valle, Julie"]
[Black "Lazov, Stefan"]
[Result "0-1"]
[WhiteElo "1530"]
[BlackElo "1894"]
[PlyCount "80"]
[EventDate "2014.??.??"]
[Source "Sylvain Rivier"]
[SourceDate "2014.07.26"]

1. d4 d5 2. c4 c6 3. Nf3 Nf6 4. Bf4 dxc4 5. e3 Qa5+ 6. Qd2 Qxd2+ 7. Nbxd2 b5 8.
a4 Nbd7 9. Be2 e6 10. O-O Bb4 11. Rfc1 Bb7 12. Nb1 a6 13. Nc3 Nd5 14. Bg3 O-O
15. e4 Nxc3 16. bxc3 Be7 17. Rcb1 Nb6 18. a5 Nd7 19. Bxc4 c5 20. Bd3 cxd4 21.
cxd4 Rac8 22. Rc1 Bb4 23. Bc7 Nf6 24. e5 Nd5 25. Bd6 Bxd6 26. exd6 Nb4 27. Be2
Rfd8 28. Rxc8 Rxc8 29. d7 Rd8 30. Ne5 f6 31. Rb1 Nd5 32. Nd3 Nc3 33. Rb2 Nxe2+
34. Rxe2 Rxd7 35. h3 Rxd4 36. Nc5 Bc8 37. Nxe6 Rd1+ 38. Kh2 Kf7 39. Nc5 Ra1 40.
Re6 Bxe6 0-1

[Event "22ème Open de Saint-Affrique"]
[Site "Saint Affrique (12)"]
[Date "2014.07.26"]
[Round "9.18"]
[White "Lafitte, Luc"]
[Black "Bizeul, Pierre"]
[Result "1-0"]
[WhiteElo "1867"]
[BlackElo "1757"]
[PlyCount "45"]
[EventDate "2014.??.??"]
[Source "Sylvain Rivier"]
[SourceDate "2014.07.26"]

1. e4 e6 2. d4 d5 3. exd5 exd5 4. Be3 Bd6 5. Nc3 c6 6. Bd3 Ne7 7. Nf3 O-O 8.
Qd2 Bf5 9. O-O-O Nd7 10. h4 Qc7 11. Kb1 b5 12. Ne2 Nf6 13. Ng3 Bxd3 14. Qxd3
Bxg3 15. fxg3 Qxg3 16. Ne5 Ng4 17. Rh3 Nxe5 18. dxe5 Qxe5 19. Bc5 Rfc8 20. Re3
Qc7 21. Rc1 Kf8 22. Qxh7 f6 23. Rxe7 1-0